[Event "TUR Cup"]
[Site "Denizli"]
[Date "2023.07.19"]
[Round "6"]
[White "Yigit, Fatih"]
[Black "Ozturk, Oguzhan"]
[Result "1/2-1/2"]
[WhiteElo "1565"]
[BlackElo "1658"]
[PlyCount "117"]
[EventDate "2023.07.16"]
[EventType "team-tourn"]
[EventRounds "9"]
[EventCountry "TUR"]
[SourceTitle "CBM 215 Extra"]
[Source "ChessBase"]
[SourceDate "2023.09.30"]
[SourceVersion "1"]
[SourceVersionDate "2023.09.30"]
[SourceQuality "1"]

1. d4 Nf6 2. Nf3 d5 3. Bf4 c6 4. e3 Bg4 5. c4 Qa5+ 6. Qd2 Qxd2+ 7. Nfxd2 e6 8. Nc3 Be7 9. f3 Bh5 10. g4 Bg6 11. h4 h5 12. g5 Nfd7 13. Rg1 a5 14. a3 Na6 15. Kf2 0-0 16. Nb3 a4 17. Nd2 dxc4 18. Bxc4 Rfd8 19. Rac1 e5 20. dxe5 Nxe5 21. Bxe5 Rxd2+ 22. Ne2 b5 23. Bc3 Rd7 24. Ba2 Nc5 25. Nf4 Kf8 26. Nxg6+ fxg6 27. Rcd1 Rad8 28. Rxd7 Rxd7 29. Ke2 Bd6 30. Bb4 Be7 31. Rc1 Nd3 32. Bxe7+ Kxe7 33. Rxc6 Nxb2 34. Rxg6 Rd3 35. Rxg7+ Ke8 36. Rb7 Rxa3 37. g6 Rxa2 38. g7 Nd1+ 39. Kxd1 Rg2 40. Rxb5 Kf7 41. Ra5 Rf2 42. f4 Kxg7 43. Rxa4 Rh2 44. f5 Kf6 45. Rf4 Ra2 46. Ke1 Rb2 47. Rf2 Rb4 48. Ke2 Rxh4 49. Kd3 Ra4 50. e4 Ra3+ 51. Kd4 Ra4+ 52. Kd3 Ra3+ 53. Ke2 Ke5 54. f6 Ra2+ 55. Kf1 Rxf2+ 56. Kxf2 Kxf6 57. Kg3 Ke5 58. Kh4 Kxe4 59. Kxh5 1/2-1/2

[Event "TUR Cup"]
[Site "Antalya"]
[Date "2020.02.01"]
[Round "10"]
[White "Suzan, Ufuk"]
[Black "Ozturk, Oguzhan"]
[Result "1-0"]
[WhiteElo "1861"]
[BlackElo "1630"]
[PlyCount "107"]
[EventDate "2020.01.26"]
[EventType "swiss"]
[EventRounds "11"]
[EventCountry "TUR"]
[SourceTitle "CBM 194 Extra"]
[Source "ChessBase"]
[SourceDate "2020.03.31"]
[SourceVersion "1"]
[SourceVersionDate "2020.03.31"]
[SourceQuality "1"]

1. e4 d5 2. exd5 Qxd5 3. Nc3 Qd6 4. d4 c6 5. Nge2 Bf5 6. Bf4 Qd8 7. Ng3 Bg6 8. h4 h6 9. Qd2 e6 10. Bd3 Bxd3 11. Qxd3 Nf6 12. 0-0-0 Bd6 13. Qf3 Na6 14. Be5 Be7 15. Nh5 Nxh5 16. Qxh5 Kf8 17. Rh3 Nb4 18. Rf3 Qe8 19. Qg4 Rg8 20. Kb1 Qd7 21. Ne4 Nd5 22. Ng3 Ke8 23. Nh5 g6 24. c4 f5 25. Qg3 Nb6 26. Rc3 Kf7 27. Nf4 Na4 28. Rcd3 Nb6 29. d5 cxd5 30. cxd5 exd5 31. Nxd5 Nxd5 32. Rxd5 Qe6 33. Rd7 Rgd8 34. R1d6 Rxd7 35. Rxe6 Kxe6 36. f4 g5 37. Qb3+ Rd5 38. Qxb7 Rad8 39. Qc6+ Kf7 40. Qxh6 gxh4 41. Qh7+ Ke6 42. Qg6+ Kd7 43. Qxf5+ Ke8 44. Qg6+ Kd7 45. Qg4+ Ke8 46. Qg8+ Bf8 47. Qg6+ Kd7 48. Qg4+ Kc6 49. Qxh4 Rd1+ 50. Kc2 R1d2+ 51. Kb3 R8d3+ 52. Bc3 Rxg2 53. Qh8 Rd8 54. Qh1 1-0

[Event "TUR Cup"]
[Site "Antalya"]
[Date "2020.01.27"]
[Round "2"]
[White "Ikizler, Metin"]
[Black "Ozturk, Oguzhan"]
[Result "0-1"]
[WhiteElo "1555"]
[BlackElo "1630"]
[PlyCount "82"]
[EventDate "2020.01.26"]
[EventType "swiss"]
[EventRounds "11"]
[EventCountry "TUR"]
[SourceTitle "CBM 194 Extra"]
[Source "ChessBase"]
[SourceDate "2020.03.31"]
[SourceVersion "1"]
[SourceVersionDate "2020.03.31"]
[SourceQuality "1"]

1. e4 c5 2. Nc3 Nc6 3. Nf3 Nf6 4. Bc4 d6 5. h3 a6 6. a4 g6 7. 0-0 Bg7 8. d3 0-0 9. Rb1 Bd7 10. Bg5 Nd4 11. Re1 h6 12. Be3 e5 13. b3 Rb8 14. Nh2 b5 15. axb5 axb5 16. Bd5 b4 17. Ne2 Nxd5 18. exd5 Qb6 19. Qd2 Kh7 20. f4 Rbe8 21. fxe5 Nxe2+ 22. Qxe2 Rxe5 23. Qf3 Rf5 24. Qg3 Rxd5 25. Rf1 Rf5 26. Nf3 Re8 27. Nd2 Rxe3 28. Qh4 d5 29. Nf3 Qf6 30. Qg3 d4 31. Qc7 Be6 32. Rf2 Bd5 33. Rbf1 Bxf3 34. gxf3 Qe5 35. Qxe5 Bxe5 36. Kh1 h5 37. Kg2 h4 38. f4 Bd6 39. Rf3 Re2+ 40. R1f2 Rxf2+ 41. Kxf2 Rxf4 0-1

[Event "TUR Cup"]
[Site "Antalya"]
[Date "2020.01.26"]
[Round "1"]
[White "Ozturk, Oguzhan"]
[Black "Yurtseven, Melih"]
[Result "0-1"]
[WhiteElo "1630"]
[BlackElo "2385"]
[PlyCount "128"]
[EventDate "2020.01.26"]
[EventType "swiss"]
[EventRounds "11"]
[EventCountry "TUR"]
[SourceTitle "CBM 194 Extra"]
[Source "ChessBase"]
[SourceDate "2020.03.31"]
[SourceVersion "1"]
[SourceVersionDate "2020.03.31"]
[SourceQuality "1"]

1. d4 Nf6 2. Bg5 d5 3. Bxf6 exf6 4. e3 Nd7 5. g3 Nb6 6. Bg2 h5 7. Nd2 Bg4 8. Qc1 c6 9. a3 h4 10. c4 h3 11. Bf3 Bxf3 12. Ngxf3 dxc4 13. Nxc4 Be7 14. Nxb6 axb6 15. Ke2 Qd7 16. Nd2 b5 17. Qc2 0-0 18. Rhg1 f5 19. Nf3 Qe6 20. Rgc1 Bf6 21. a4 Qd5 22. Qc5 Qxc5 23. Rxc5 g6 24. Ng1 Be7 25. Rcc1 bxa4 26. Nxh3 Ra5 27. Ng1 Rfa8 28. Rab1 Rb5 29. Nf3 Bf6 30. Nd2 Ra6 31. Kd3 Rab6 32. Nc4 Ra6 33. h4 c5 34. Na3 Rb3+ 35. Rc3 Rab6 36. Rbc1 R6b4 37. Nc2 cxd4 38. exd4 Rb5 39. Ra1 Rxb2 40. Rxa4 Kg7 41. Ra1 f4 42. Rh1 fxg3 43. fxg3 Rf5 44. Ne3 Rff2 45. Nd5 Rfd2+ 46. Kc4 Rxd4+ 47. Kc5 Rxd5+ 48. Kxd5 Bxc3 49. Kc4 Be5 50. g4 b5+ 51. Kd5 Bc3 52. h5 gxh5 53. Rxh5 Rd2+ 54. Ke4 Rd4+ 55. Kf3 b4 56. Rc5 Rd6 57. Rb5 Kg6 58. Kf4 Rd4+ 59. Kg3 Rd1 60. Rb6+ Kg7 61. Kf4 Rb1 62. Ke4 b3 63. Kd3 Bf6 64. Ke2 b2 0-1

[Event "TUR Cup"]
[Site "Antalya"]
[Date "2019.01.31"]
[Round "7"]
[White "Aysoy, Veysi"]
[Black "Ozturk, Oguzhan"]
[Result "0-1"]
[WhiteElo "1933"]
[BlackElo "1528"]
[PlyCount "96"]
[EventDate "2019.01.27"]
[EventType "swiss"]
[EventRounds "11"]
[EventCountry "TUR"]
[SourceTitle "CBM 188 Extra"]
[Source "ChessBase"]
[SourceDate "2019.02.28"]
[SourceVersion "1"]
[SourceVersionDate "2019.02.28"]
[SourceQuality "1"]

1. c4 Nf6 2. g3 e6 3. Bg2 d5 4. Nf3 Bd6 5. 0-0 0-0 6. b3 Nbd7 7. Bb2 Re8 8. d3 e5 9. cxd5 Nxd5 10. Nbd2 c6 11. Nc4 Bb8 12. Qc2 f6 13. Rad1 Nf8 14. a3 Qe7 15. h3 Ng6 16. Bc1 Bc7 17. e4 Nb6 18. d4 exd4 19. Nxd4 Qc5 20. Nxb6 axb6 21. Qb2 Be5 22. b4 Qe7 23. f4 Bc7 24. Nf5 Bxf5 25. exf5 Nf8 26. Kh2 b5 27. Qc3 Bb6 28. g4 Rad8 29. Rde1 Qf7 30. Rxe8 Qxe8 31. g5 Bd4 32. Qg3 Kh8 33. Kh1 g6 34. Re1 Qf7 35. fxg6 hxg6 36. Rd1 f5 37. Rxd4 Rxd4 38. Bb2 Ne6 39. Qe3 Qd7 40. Qe5+ Kg8 41. Bxd4 Nxd4 42. Qf6 Qg7 43. Qd8+ Kh7 44. h4 Ne2 45. Qd6 Qa1+ 46. Kh2 Qg1+ 47. Kh3 Qe3+ 48. Kh2 Qg3+ 0-1

[Event "TUR Cup"]
[Site "Antalya"]
[Date "2019.01.28"]
[Round "3"]
[White "Elalmis, Husamettin"]
[Black "Ozturk, Oguzhan"]
[Result "0-1"]
[WhiteElo "1754"]
[BlackElo "1528"]
[PlyCount "136"]
[EventDate "2019.01.27"]
[EventType "swiss"]
[EventRounds "11"]
[EventCountry "TUR"]
[SourceTitle "CBM 188 Extra"]
[Source "ChessBase"]
[SourceDate "2019.02.28"]
[SourceVersion "1"]
[SourceVersionDate "2019.02.28"]
[SourceQuality "1"]

1. d4 Nf6 2. c4 e5 3. d5 Bc5 4. Nc3 0-0 5. e3 d6 6. Bd3 c6 7. Qb3 Ng4 8. Na4 Na6 9. Bd2 Qh4 10. g3 Qf6 11. f3 Bxe3 12. Bxe3 Nxe3 13. Bxh7+ Kxh7 14. Qxe3 cxd5 15. cxd5 Bd7 16. Nc3 Nb4 17. Qe4+ Kg8 18. Qxb4 a5 19. Qh4 Qg6 20. Nge2 b5 21. 0-0 Rac8 22. Rac1 Rc4 23. Qe7 Bh3 24. Rfd1 Qf5 25. f4 b4 26. Qxd6 bxc3 27. Qxe5 Qc8 28. bxc3 Re8 29. Qd6 Rxe2 30. Re1 Qc5+ 31. Qxc5 Rxe1+ 32. Rxe1 Rxc5 33. d6 Be6 34. Rd1 Bd7 35. Rd3 Kf8 36. Kf2 Ke8 37. Ke3 Be6 38. d7+ Kd8 39. a3 Bxd7 40. Kd4 Rh5 41. Rd2 Kc7 42. c4 Rh6 43. Re2 Rd6+ 44. Kc3 Be6 45. Re5 Ra6 46. Kd4 g6 47. h4 Kd6 48. h5 gxh5 49. Rxh5 Ra7 50. Rb5 a4 51. f5 Bd7 52. Rb6+ Kc7 53. c5 Rb7 54. Rf6 Be8 55. g4 Rb3 56. g5 Rxa3 57. g6 fxg6 58. fxg6 Rg3 59. Ra6 Bxg6 60. Kd5 Bc2 61. Ra5 Bb3+ 62. Kd4 Rg4+ 63. Kc3 Kc6 64. Kb2 Kd5 65. Kc3 Rg3+ 66. Kb2 Kc4 67. Ra7 Rg2+ 68. Kc1 Kc3 0-1

[Event "TUR-chT2"]
[Site "Konya"]
[Date "2018.07.14"]
[Round "7.21"]
[White "Avanoglu, Nurulllah"]
[Black "Ozturk, Oguzhan"]
[Result "1/2-1/2"]
[WhiteElo "1560"]
[BlackElo "1314"]
[PlyCount "93"]
[EventDate "2018.07.10"]
[EventType "team-swiss"]
[EventRounds "9"]
[EventCountry "TUR"]
[SourceTitle "EXT 2019"]
[Source "ChessBase"]
[SourceDate "2018.10.10"]
[SourceVersion "1"]
[SourceVersionDate "2018.10.10"]
[SourceQuality "1"]
[WhiteTeam "Osmaniye Kadirli Savrun"]
[BlackTeam "Harput Genclik"]
[WhiteTeamCountry "TUR"]
[BlackTeamCountry "TUR"]

1. e4 c5 2. Nf3 Nc6 3. d4 cxd4 4. Nxd4 d6 5. Be3 g6 6. Nd2 Bg7 7. c3 Nf6 8. Be2 0-0 9. 0-0 Ne5 10. h3 Bd7 11. f4 Nc6 12. Bf3 Qc8 13. Kh2 a6 14. a4 Nxd4 15. cxd4 Qd8 16. Nc4 Rb8 17. a5 Bb5 18. Qb3 Bxc4 19. Qxc4 Qd7 20. Rfc1 Rfc8 21. Qb4 Bf8 22. Rc3 e6 23. Qb3 d5 24. e5 Ne8 25. Rac1 Rxc3 26. Rxc3 Rc8 27. Bd2 Rxc3 28. bxc3 Qc6 29. c4 Nc7 30. c5 Qb5 31. Qe3 Qa4 32. Be2 Nb5 33. Bxb5 Qxb5 34. g4 Qb1 35. h4 Qd1 36. Kg3 Be7 37. Qe1 Qxe1+ 38. Bxe1 Bd8 39. Bd2 Kf8 40. f5 gxf5 41. gxf5 Kg7 42. fxe6 fxe6 43. Kg4 Kf7 44. Kf3 Ke8 45. Kg4 Kf7 46. Kf3 Ke8 47. Kg4 1/2-1/2

[Event "TUR-chT2"]
[Site "Konya"]
[Date "2018.07.10"]
[Round "1.26"]
[White "Ozturk, Oguzhan"]
[Black "Kilinc, Bulent"]
[Result "0-1"]
[WhiteElo "1314"]
[BlackElo "1666"]
[PlyCount "68"]
[EventDate "2018.07.10"]
[EventType "team-swiss"]
[EventRounds "9"]
[EventCountry "TUR"]
[SourceTitle "EXT 2019"]
[Source "ChessBase"]
[SourceDate "2018.10.10"]
[SourceVersion "1"]
[SourceVersionDate "2018.10.10"]
[SourceQuality "1"]
[WhiteTeam "Harput Genclik"]
[BlackTeam "Sakarya Buyuksehir"]
[WhiteTeamCountry "TUR"]
[BlackTeamCountry "TUR"]

1. d4 d5 2. Nc3 Nf6 3. Nf3 Bf5 4. Bf4 e6 5. a3 c5 6. dxc5 Bxc5 7. e3 0-0 8. Be2 h6 9. h3 Nc6 10. 0-0 a6 11. Bd3 Bxd3 12. cxd3 d4 13. exd4 Nxd4 14. Nxd4 Bxd4 15. Be3 Rc8 16. Qd2 Qb6 17. Bxd4 Qxd4 18. Qe3 Rfd8 19. Rfd1 Kf8 20. Qxd4 Rxd4 21. Kf1 Rcd8 22. Ke2 Nd7 23. Rd2 Nc5 24. Rad1 Nb3 25. Rc2 R4d7 26. Ke3 Nd4 27. Rcd2 b5 28. Ne2 Nf5+ 29. Kf3 Ke7 30. g4 Nd6 31. Ke3 e5 32. f3 g6 33. Rc2 Nc4+ 34. Ke4 Rd4+ 0-1

[Event "TUR-chT2"]
[Site "Konya"]
[Date "2017.07.09"]
[Round "1.22"]
[White "Ozturk, Oguzhan"]
[Black "Ates, Mehmet Aziz"]
[Result "0-1"]
[WhiteElo "1329"]
[BlackElo "1699"]
[PlyCount "106"]
[EventDate "2017.07.09"]
[EventType "team-swiss"]
[EventRounds "9"]
[EventCountry "TUR"]
[SourceTitle "CBM 179 Extra"]
[Source "ChessBase"]
[SourceDate "2017.08.23"]
[SourceVersion "1"]
[SourceVersionDate "2017.08.23"]
[SourceQuality "1"]
[WhiteTeam "Harput Genclik"]
[BlackTeam "Genclik Il Mudurlugu"]
[WhiteTeamCountry "TUR"]
[BlackTeamCountry "TUR"]

1. d4 Nf6 2. Nc3 d5 3. Bf4 e6 4. a3 Bd6 5. Bg3 Nh5 6. Nf3 Nxg3 7. hxg3 c5 8. e3 Nc6 9. Bb5 a6 10. Bxc6+ bxc6 11. dxc5 Bxc5 12. b4 Bd6 13. Qd3 h6 14. Qd4 0-0 15. Ne5 Qc7 16. f4 c5 17. bxc5 Bxc5 18. Qd2 Bb6 19. Nd3 d4 20. Nd1 dxe3 21. Nxe3 Bxe3 22. Qxe3 Qc3+ 23. Kf2 Qxc2+ 24. Qe2 Qxe2+ 25. Kxe2 Bb7 26. Kf2 Rac8 27. Rac1 Rxc1 28. Rxc1 Rc8 29. Rxc8+ Bxc8 30. Nc5 Kf8 31. Ke3 Ke7 32. Kd4 Kd6 33. g4 f6 34. Ne4+ Kc6 35. g3 e5+ 36. fxe5 fxe5+ 37. Kxe5 Bxg4 38. Kd4 Bf3 39. Nc3 g5 40. Ke3 Bd5 41. Kd4 Bg2 42. Nd1 h5 43. Ne3 h4 44. gxh4 gxh4 45. Ng4 h3 46. Nh2 Kb5 47. Kc3 Kc5 48. Kd3 Kd5 49. Kc3 Ke4 50. Kd2 Kf4 51. Ke2 Kg3 52. Nf1+ Bxf1+ 53. Kxf1 h2 0-1